[Event "GRE-chT 47th"]
[Site "Patras"]
[Date "2019.07.06"]
[Round "7.6"]
[White "Exizoglou, Dimitrios"]
[Black "Alexiadis, Hristos"]
[Result "1/2-1/2"]
[WhiteElo "2072"]
[BlackElo "2344"]
[PlyCount "95"]
[EventDate "2019.07.02"]
[EventType "team-swiss"]
[EventRounds "7"]
[EventCountry "GRE"]
[SourceTitle "CBM 191 Extra"]
[Source "ChessBase"]
[SourceDate "2019.09.30"]
[SourceVersion "1"]
[SourceVersionDate "2019.09.30"]
[SourceQuality "1"]
[WhiteTeam "The Police"]
[BlackTeam "Heraklion Attica"]
[WhiteTeamCountry "GRE"]
[BlackTeamCountry "GRE"]

1. e4 c5 2. Nf3 d6 3. d4 cxd4 4. Nxd4 Nf6 5. Nc3 a6 6. Be2 e5 7. Nf3 h6 8. a4 Be7 9. Nd2 0-0 10. Nc4 Nc6 11. Ne3 Nb4 12. Bf3 Be6 13. 0-0 Rc8 14. a5 Rxc3 15. bxc3 Nc6 16. Ba3 Nxa5 17. Qd3 Qc7 18. Rfd1 Rd8 19. Be2 Nc6 20. c4 Nd4 21. Bf1 Nd7 22. Rab1 Nc5 23. Bxc5 dxc5 24. Nd5 Bxd5 25. cxd5 b5 26. Qa3 Qb7 27. Qa2 c4 28. Bxc4 Qc8 29. Bd3 Rd6 30. Rb4 Rg6 31. Rxd4 Rxg2+ 32. Kxg2 Qg4+ 33. Kf1 Qxd1+ 34. Kg2 Qg4+ 35. Kf1 exd4 36. Qxa6 Qh3+ 37. Ke2 Qg4+ 38. Kf1 g6 39. Qxb5 Qh3+ 40. Ke2 Kg7 41. Qb8 Qg4+ 42. Kf1 Bh4 43. Qe5+ f6 44. Qxd4 Qd1+ 45. Kg2 Qg4+ 46. Kf1 Qd1+ 47. Kg2 Qg4+ 48. Kf1 1/2-1/2

[Event "GRE-chT 43rd"]
[Site "Porto Rio"]
[Date "2015.10.11"]
[Round "6.6"]
[White "Exizoglou, Dimitrios"]
[Black "Georgiev, Krum"]
[Result "0-1"]
[WhiteElo "2139"]
[BlackElo "2412"]
[PlyCount "106"]
[EventDate "2015.10.08"]
[EventType "team-swiss"]
[EventRounds "7"]
[EventCountry "GRE"]
[SourceTitle "CBM 168 Extra"]
[Source "ChessBase"]
[SourceDate "2015.10.29"]
[SourceVersion "1"]
[SourceVersionDate "2015.10.29"]
[SourceQuality "1"]
[WhiteTeam "Polichnis"]
[BlackTeam "Korinthias Argonaftis"]
[WhiteTeamCountry "GRE"]
[BlackTeamCountry "GRE"]

1. e4 c5 2. Nf3 d6 3. d4 cxd4 4. Nxd4 Nf6 5. Nc3 Bd7 6. Be2 Nc6 7. 0-0 e6 8. Kh1 a6 9. a4 Be7 10. Nb3 b6 11. f4 Qc7 12. Be3 0-0 13. Bf3 Rab8 14. Qe2 Bc8 15. Qf2 Nd7 16. Rfd1 Re8 17. Qg3 Bb7 18. f5 Nce5 19. fxe6 fxe6 20. Be2 Bf6 21. Bg5 Bxg5 22. Qxg5 Nf6 23. Qh4 Ng6 24. Qg3 Rbd8 25. Nd2 Qc5 26. Bc4 Kh8 27. Bb3 d5 28. Re1 d4 29. Na2 Nh5 30. Qg4 Nhf4 31. Rad1 e5 32. Nc1 Rf8 33. Nf3 Qb4 34. Ng5 Bc8 35. Qg3 Nh5 36. Qd3 Qe7 37. Qd2 Bg4 38. Rf1 Ngf4 39. Nf3 Rd6 40. Nd3 Rh6 41. Kg1 Nh3+ 42. Kh1 Bxf3 43. Rxf3 Rxf3 44. gxf3 Rg6 45. Rf1 Qh4 46. Nxe5 Ng3+ 47. Kg2 Ne2+ 48. Nxg6+ hxg6 49. Qe1 Nhf4+ 50. Kh1 Qh3 51. Rf2 Ng3+ 52. Kg1 Qg2+ 53. Rxg2 Nh3# 0-1

[Event "GRE-chT 43rd"]
[Site "Porto Rio"]
[Date "2015.10.10"]
[Round "4.6"]
[White "Exizoglou, Dimitrios"]
[Black "Libiszewski, Fabien"]
[Result "1-0"]
[WhiteElo "2139"]
[BlackElo "2523"]
[PlyCount "60"]
[EventDate "2015.10.08"]
[EventType "team-swiss"]
[EventRounds "7"]
[EventCountry "GRE"]
[SourceTitle "CBM 168 Extra"]
[Source "ChessBase"]
[SourceDate "2015.10.29"]
[SourceVersion "1"]
[SourceVersionDate "2015.10.29"]
[SourceQuality "1"]
[WhiteTeam "Polichnis"]
[BlackTeam "Von Heraklion Contact"]
[WhiteTeamCountry "GRE"]
[BlackTeamCountry "GRE"]

1. c4 Nf6 2. Nf3 g6 3. g3 Bg7 4. Bg2 0-0 5. 0-0 Nc6 6. d4 d6 7. Nc3 Bg4 8. h3 Bxf3 9. Bxf3 Nd7 10. e3 e5 11. Bg2 exd4 12. exd4 Nxd4 13. Bxb7 Rb8 14. Bg2 Re8 15. Rb1 Nc5 16. b3 Ndxb3 17. axb3 Bxc3 18. Be3 a5 19. Qc2 Qf6 20. Rfd1 Ne6 21. Rd3 Bd4 22. Qd2 Bxe3 23. Rxe3 Nd4 24. Kh2 Rxe3 25. Qxe3 c5 26. Be4 Re8 27. Kg2 Qe5 28. f3 Kg7 29. Qc3 f5 30. Bd3 Nxf3 1-0

[Event "Skopje Karposh op"]
[Site "Skopje"]
[Date "2015.03.30"]
[Round "5"]
[White "Exizoglou, Dimitrios"]
[Black "Georgieva, Emilia"]
[Result "1-0"]
[WhiteElo "2122"]
[BlackElo "1882"]
[PlyCount "65"]
[EventDate "2015.03.27"]
[EventType "swiss"]
[EventRounds "9"]
[EventCountry "MKD"]
[SourceTitle "CBM 165 Extra"]
[Source "ChessBase"]
[SourceDate "2015.04.21"]
[SourceVersion "1"]
[SourceVersionDate "2015.04.21"]
[SourceQuality "1"]

1. e4 c6 2. d4 d5 3. e5 Bf5 4. Nf3 h6 5. Be2 e6 6. 0-0 Nd7 7. Nbd2 g5 8. Ne1 c5 9. c3 Qb6 10. a4 a5 11. Nb1 cxd4 12. cxd4 Ne7 13. Nc3 Nc6 14. Nb5 Nb4 15. Be3 Rc8 16. Rc1 Rxc1 17. Qxc1 Qc6 18. Qd2 Be7 19. Nd3 Qc2 20. Nxb4 axb4 21. Rc1 Qxa4 22. Rc8+ Bd8 23. Nd6+ Ke7 24. Bxg5+ f6 25. Bh4 Qa1+ 26. Bf1 Bh3 27. Qxb4 Bxg2 28. Kxg2 Rg8+ 29. Bg3 fxe5 30. dxe5 Nxe5 31. Nc4+ Kf6 32. Nxe5 Rxg3+ 33. hxg3 1-0

[Event "Skopje Karposh op"]
[Site "Skopje"]
[Date "2015.03.28"]
[Round "2"]
[White "Exizoglou, Dimitrios"]
[Black "Karatrajkov, Nikola"]
[Result "1-0"]
[WhiteElo "2122"]
[BlackElo "1794"]
[PlyCount "38"]
[EventDate "2015.03.27"]
[EventType "swiss"]
[EventRounds "9"]
[EventCountry "MKD"]
[SourceTitle "CBM 165 Extra"]
[Source "ChessBase"]
[SourceDate "2015.04.21"]
[SourceVersion "1"]
[SourceVersionDate "2015.04.21"]
[SourceQuality "1"]

1. e4 c5 2. Nf3 d6 3. d4 cxd4 4. Nxd4 Nf6 5. Nc3 a6 6. Be3 e6 7. f3 Be7 8. Qd2 Qc7 9. 0-0-0 Nbd7 10. Kb1 b6 11. h4 Ne5 12. Qf2 Bb7 13. Nde2 Rc8 14. g4 Nfd7 15. g5 b5 16. Nc1 Nc5 17. Bxc5 Qxc5 18. Nb3 Qc7 19. Rg1 0-0 1-0

[Event "Mem Stavros Skondras 1st A"]
[Site "Thessaloniki"]
[Date "2014.10.04"]
[Round "2.6"]
[White "Athanasiadis, Mihail"]
[Black "Exizoglou, Dimitrios"]
[Result "0-1"]
[WhiteElo "2006"]
[BlackElo "2129"]
[PlyCount "162"]
[EventDate "2014.10.03"]
[EventType "swiss"]
[EventRounds "7"]
[EventCountry "GRE"]
[SourceTitle "EXT 2024"]
[Source "ChessBase"]
[SourceDate "2023.10.10"]
[SourceVersion "1"]
[SourceVersionDate "2023.10.10"]
[SourceQuality "1"]

1. e4 c5 2. Nf3 d6 3. d4 cxd4 4. Nxd4 Nf6 5. Nc3 a6 6. f3 e5 7. Nb3 Be6 8. Be3 Be7 9. Qd2 h5 10. Nd5 Bxd5 11. exd5 Nbd7 12. Be2 Qc7 13. c4 a5 14. Rc1 0-0 15. 0-0 g6 16. h3 a4 17. Na1 Qa5 18. Qxa5 Rxa5 19. Nc2 Bd8 20. Na3 Bb6 21. Bxb6 Nxb6 22. Nb5 Rd8 23. Kf2 Ne8 24. g4 hxg4 25. hxg4 Nd7 26. Rh1 Ndf6 27. Rh2 g5 28. Rch1 Kf8 29. Bd3 Ke7 30. Rh8 Raa8 31. a3 Rdc8 32. Nc3 Nc7 33. Rxc8 Rxc8 34. Nxa4 b5 35. cxb5 Ncxd5 36. Bf5 Rb8 37. b6 Nxb6 38. Nxb6 Rxb6 39. b4 Nd5 40. Be4 Nxb4 41. axb4 Rxb4 42. Rh7 Ke6 43. Rh6+ Ke7 44. Rh5 Kf6 45. Rh6+ Ke7 46. Ke3 Rb3+ 47. Ke2 Rb5 48. Bc6 Ra5 49. Rh5 Kf6 50. Rh6+ Ke7 51. Be4 Ra2+ 52. Ke3 Ra3+ 53. Kd2 Ra4 54. Bc2 Rf4 55. Be4 d5 56. Bf5 Rxf3 57. Ra6 e4 58. Ke2 Rb3 59. Kd2 Rd3+ 60. Kc2 Rg3 61. Rc6 Rd3 62. Rc3 Rd4 63. Rc7+ Kf6 64. Rd7 e3 65. Ra7 Rd2+ 66. Kc1 d4 67. Rd7 Ke5 68. Rxf7 Ra2 69. Re7+ Kd6 70. Rd7+ Ke5 71. Kd1 Rb2 72. Ke1 Rd2 73. Rd8 Kf4 74. Bc8 d3 75. Rd4+ Ke5 76. Rd8 Rc2 77. Re8+ Kf4 78. Kf1 Rc1+ 79. Kg2 e2 80. Rf8+ Ke3 81. Rf3+ Kd4 0-1

[Event "GRE-chT 42nd"]
[Site "Porto Rio"]
[Date "2014.06.28"]
[Round "1.2"]
[White "Georgiadis, Nico"]
[Black "Exizoglou, Dimitrios"]
[Result "1-0"]
[WhiteElo "2438"]
[BlackElo "2182"]
[PlyCount "77"]
[EventDate "2014.06.28"]
[EventType "team-swiss"]
[EventRounds "7"]
[EventCountry "GRE"]
[SourceTitle "CBM 161 Extra"]
[Source "ChessBase"]
[SourceDate "2014.08.29"]
[SourceVersion "1"]
[SourceVersionDate "2014.08.29"]
[SourceQuality "1"]
[WhiteTeam "Thessaloniki Interior"]
[BlackTeam "Polichnis"]
[WhiteTeamCountry "GRE"]
[BlackTeamCountry "GRE"]

1. e4 e5 2. Nf3 Nc6 3. Bb5 a6 4. Ba4 Nf6 5. 0-0 Be7 6. Re1 b5 7. Bb3 d6 8. c3 0-0 9. h3 Bb7 10. d4 Re8 11. d5 Na5 12. Bc2 c6 13. dxc6 Bxc6 14. Nbd2 Qc7 15. a4 Bf8 16. b4 Nb7 17. Bb2 a5 18. axb5 Bxb5 19. Bb3 axb4 20. cxb4 h6 21. Rc1 Qb8 22. Nc4 Nd8 23. Nh4 Bd7 24. Bc3 Nc6 25. Rb1 Na7 26. Ne3 Nb5 27. Bb2 Nd4 28. Bxd4 exd4 29. Nd5 Nxe4 30. Qxd4 Ng5 31. Rxe8 Bxe8 32. Nf5 Ne6 33. Qc3 Qd8 34. Nxh6+ Kh7 35. Ng4 Rc8 36. Qd3+ Kh8 37. f4 Nc7 38. Ndf6 gxf6 39. Bc2 1-0

[Event "Thessaloniki Triandria op 5th"]
[Site "Thessaloniki"]
[Date "2012.04.21"]
[Round "5"]
[White "Galaras, Anestis"]
[Black "Exizoglou, Dimitrios"]
[Result "1/2-1/2"]
[WhiteElo "1890"]
[BlackElo "2222"]
[PlyCount "49"]
[EventDate "2012.04.17"]
[EventType "swiss"]
[EventRounds "7"]
[EventCountry "GRE"]
[SourceTitle "EXT 2014"]
[Source "ChessBase"]
[SourceDate "2013.11.20"]
[SourceVersion "1"]
[SourceVersionDate "2013.11.20"]
[SourceQuality "1"]

1. e4 d5 2. exd5 Qxd5 3. Nf3 e5 4. d4 exd4 5. Qxd4 Nf6 6. Bc4 Bb4+ 7. c3 Qxd4 8. Nxd4 Ba5 9. 0-0 0-0 10. Re1 Re8 11. Rxe8+ Nxe8 12. Bf4 Bd7 13. Nd2 Nc6 14. N4b3 Bb6 15. Ne4 h6 16. Nec5 Bf5 17. Nxb7 Rb8 18. N3c5 Bxc5 19. Nxc5 Rxb2 20. Bd5 Na5 21. h3 Rb5 22. Be3 Nd6 23. a4 Rb2 24. Na6 Be4 25. Nxc7 1/2-1/2

[Event "Thessaloniki Triandria op 5th"]
[Site "Thessaloniki"]
[Date "2012.04.18"]
[Round "2"]
[White "Skondras, Stavros"]
[Black "Exizoglou, Dimitrios"]
[Result "1-0"]
[WhiteElo "1779"]
[BlackElo "2222"]
[PlyCount "55"]
[EventDate "2012.04.17"]
[EventType "swiss"]
[EventRounds "7"]
[EventCountry "GRE"]
[SourceTitle "EXT 2014"]
[Source "ChessBase"]
[SourceDate "2013.11.20"]
[SourceVersion "1"]
[SourceVersionDate "2013.11.20"]
[SourceQuality "1"]

1. e4 e6 2. d4 d5 3. Nc3 Nf6 4. Bg5 Be7 5. e5 Nfd7 6. h4 Bxg5 7. hxg5 Qxg5 8. Nh3 Qe7 9. Qg4 f5 10. Qh5+ g6 11. Qh6 Nc6 12. 0-0-0 Nd8 13. Nf4 Nf7 14. Qg7 Nf8 15. Ncxd5 exd5 16. Nxd5 Ne6 17. Qxh8+ Nxh8 18. Nxe7 Kxe7 19. Rxh7+ Nf7 20. d5 Neg5 21. Rg7 Kf8 22. Rxg6 Ne4 23. f4 Nh8 24. Rh6 Kg7 25. Rh5 Ng6 26. e6 Kf6 27. g4 Nxf4 28. Rxf5+ 1-0

[Event "Kavala op 18th"]
[Site "Kavala"]
[Date "2009.08.03"]
[Round "4"]
[White "Harika, Dronavalli"]
[Black "Exizoglou, Dimitrios"]
[Result "1-0"]
[WhiteElo "2445"]
[BlackElo "2237"]
[PlyCount "41"]
[EventDate "2009.08.01"]
[EventType "swiss"]
[EventRounds "9"]
[EventCountry "GRE"]
[SourceTitle "CBM 131 Extra"]
[Source "ChessBase"]
[SourceDate "2009.09.03"]
[SourceVersion "2"]
[SourceVersionDate "2009.09.16"]
[SourceQuality "1"]

1. d4 d5 2. c4 c6 3. Nf3 Nf6 4. Nc3 e6 5. Bg5 h6 6. Bh4 dxc4 7. e4 g5 8. Bg3 b5 9. Be2 Bb4 10. Qc2 Nbd7 11. 0-0 Bb7 12. Rad1 Qb6 13. Ne5 Bxc3 14. bxc3 h5 15. h4 gxh4 16. Bxh4 Ng4 17. Qd2 Qc7 18. Qg5 Ndxe5 19. dxe5 Kf8 20. Bxg4 hxg4 21. Rd6 1-0

[Event "Athens Acropolis op"]
[Site "Athens"]
[Date "2008.08.17"]
[Round "9"]
[White "Stefanidi, Maria Anna"]
[Black "Exizoglou, Dimitrios"]
[Result "1/2-1/2"]
[WhiteElo "2095"]
[BlackElo "2251"]
[PlyCount "93"]
[EventDate "2008.08.09"]
[EventType "swiss"]
[EventRounds "9"]
[EventCountry "GRE"]
[SourceTitle "CBM 125 Extra"]
[Source "ChessBase"]
[SourceDate "2008.09.01"]
[SourceVersion "1"]
[SourceVersionDate "2008.09.01"]
[SourceQuality "1"]

1. e4 c5 2. Nf3 Nc6 3. d4 cxd4 4. Nxd4 Nf6 5. Nc3 e5 6. Nxc6 bxc6 7. Bd3 d6 8. 0-0 Be7 9. Kh1 0-0 10. h3 Nd7 11. f4 Nc5 12. Qf3 Nxd3 13. cxd3 exf4 14. Bxf4 Kh8 15. Ne2 Bf6 16. Rac1 Qd7 17. b3 c5 18. Ng3 Bb7 19. Nf5 Qxf5 20. exf5 Bxf3 21. Rxf3 Rfd8 22. Re3 Kg8 23. g4 Kf8 24. g5 Bd4 25. Re2 Rd7 26. Rce1 Bc3 27. Rc1 Bb4 28. f6 Rad8 29. h4 g6 30. Kg2 Re8 31. Rcc2 Re6 32. Kf3 Ke8 33. Rxe6+ fxe6 34. h5 Kf7 35. Kg4 gxh5+ 36. Kxh5 e5 37. Be3 Ke6 38. Rf2 Rf7 39. g6 hxg6+ 40. Kxg6 Bc3 41. Bg5 d5 42. Re2 Bd4 43. Re1 Rf8 44. Kg7 Rf7+ 45. Kg6 Rf8 46. Kg7 Rf7+ 47. Kg6 1/2-1/2

[Event "Athens Acropolis op"]
[Site "Athens"]
[Date "2008.08.15"]
[Round "7"]
[White "Exizoglou, Dimitrios"]
[Black "Pountzas, Hrisanthos"]
[Result "1/2-1/2"]
[WhiteElo "2251"]
[BlackElo "2202"]
[PlyCount "86"]
[EventDate "2008.08.09"]
[EventType "swiss"]
[EventRounds "9"]
[EventCountry "GRE"]
[SourceTitle "CBM 125 Extra"]
[Source "ChessBase"]
[SourceDate "2008.09.01"]
[SourceVersion "1"]
[SourceVersionDate "2008.09.01"]
[SourceQuality "1"]

1. e4 c5 2. Nf3 d6 3. d4 cxd4 4. Nxd4 Nf6 5. Nc3 a6 6. Bg5 e6 7. f4 Nbd7 8. Qf3 Qc7 9. 0-0-0 b5 10. Bd3 Bb7 11. Bxf6 Nxf6 12. g4 b4 13. Nce2 d5 14. e5 Nd7 15. Kb1 Bc5 16. Qh3 Qb6 17. Nb3 Be3 18. Rhf1 0-0-0 19. Qg3 g6 20. h3 h5 21. f5 h4 22. Qh2 gxf5 23. gxf5 a5 24. fxe6 fxe6 25. Nf4 a4 26. Nxe6 axb3 27. Nxd8 bxa2+ 28. Ka1 Kxd8 29. Bf5 Re8 30. e6 Rxe6 31. Bxe6 Qxe6 32. Rfe1 Qb6 33. Qe2 Bg5 34. Qh5 Bf6 35. Rxd5 Bxd5 36. Qxd5 Qc5 37. Qd2 Kc7 38. Re4 Be7 39. Qe2 Qg1+ 40. Kxa2 Qa7+ 41. Kb1 Qg1+ 42. Ka2 Qa7+ 43. Kb1 Qg1+ 1/2-1/2

[Event "Athens Acropolis op"]
[Site "Athens"]
[Date "2008.08.14"]
[Round "6"]
[White "Pavlidis, Anastasios"]
[Black "Exizoglou, Dimitrios"]
[Result "1/2-1/2"]
[WhiteElo "2270"]
[BlackElo "2251"]
[PlyCount "86"]
[EventDate "2008.08.09"]
[EventType "swiss"]
[EventRounds "9"]
[EventCountry "GRE"]
[SourceTitle "CBM 125 Extra"]
[Source "ChessBase"]
[SourceDate "2008.09.01"]
[SourceVersion "1"]
[SourceVersionDate "2008.09.01"]
[SourceQuality "1"]

1. d4 d5 2. c4 c6 3. Nf3 Nf6 4. Nc3 e6 5. e3 Nbd7 6. Bd3 Bd6 7. e4 dxe4 8. Nxe4 Nxe4 9. Bxe4 0-0 10. 0-0 h6 11. b3 e5 12. Bc2 exd4 13. Qxd4 Bc5 14. Qc3 Nf6 15. Bb2 Qe7 16. Qd3 Qd8 17. Qc3 Qe7 18. Nh4 Be6 19. Nf5 Bxf5 20. Bxf5 Ba3 21. Rfe1 Bxb2 22. Qxb2 Qc7 23. Qe5 Qxe5 24. Rxe5 Rfe8 25. Rae1 c5 26. Kf1 b6 27. Re7 Kf8 28. Rc7 g6 29. Bd7 Nxd7 30. Rxd7 Rxe1+ 31. Kxe1 Re8+ 32. Kd2 Re7 33. Rd6 Ke8 34. h4 Rd7 35. Rxd7 Kxd7 36. Ke3 Ke6 37. Kf3 Ke5 38. Ke3 Kf5 39. a3 a5 40. Kf3 h5 41. Ke3 f6 42. f3 g5 43. g3 Ke5 1/2-1/2

[Event "Athens Acropolis op"]
[Site "Athens"]
[Date "2008.08.13"]
[Round "5"]
[White "Georgiadis, Ioannis"]
[Black "Exizoglou, Dimitrios"]
[Result "1-0"]
[WhiteElo "2373"]
[BlackElo "2251"]
[PlyCount "111"]
[EventDate "2008.08.09"]
[EventType "swiss"]
[EventRounds "9"]
[EventCountry "GRE"]
[SourceTitle "CBM 125 Extra"]
[Source "ChessBase"]
[SourceDate "2008.09.01"]
[SourceVersion "1"]
[SourceVersionDate "2008.09.01"]
[SourceQuality "1"]

1. e4 c5 2. Nf3 Nc6 3. Bb5 e6 4. Bxc6 bxc6 5. d3 Ne7 6. Qe2 Qc7 7. Ng5 f6 8. Nh3 g6 9. f4 Bg7 10. 0-0 0-0 11. b3 d6 12. Bb2 Bd7 13. Nd2 Rae8 14. Nc4 e5 15. fxe5 fxe5 16. Bc3 h6 17. Rxf8+ Rxf8 18. Rf1 Rxf1+ 19. Kxf1 Be6 20. Nf2 Qd7 21. Bb2 Kh7 22. Qe1 Bf6 23. Bc1 Nc8 24. Qa5 Bd8 25. Qe1 Qf7 26. Kg1 Qd7 27. Be3 Bf6 28. Qc1 h5 29. Nd2 Kg8 30. Nf3 Bf7 31. Nh3 Be8 32. Bg5 Bg7 33. Qa3 Bf7 34. Nf2 Be6 35. Qa5 Kf8 36. Nd2 Kg8 37. Nc4 Kf7 38. Qa6 Bxc4 39. Qxc4+ Qe6 40. Qa6 Qd7 41. h3 Bf6 42. Be3 Bh4 43. a3 Bxf2+ 44. Bxf2 g5 45. b4 cxb4 46. axb4 h4 47. Qc4+ Kg7 48. d4 d5 49. Qd3 Nd6 50. exd5 e4 51. Qd2 Kg6 52. dxc6 Qxc6 53. d5 Qd7 54. Qd4 g4 55. Bxh4 Qf7 56. Qe5 1-0

[Event "Athens Acropolis op"]
[Site "Athens"]
[Date "2008.08.11"]
[Round "3"]
[White "Exizoglou, Dimitrios"]
[Black "Astaneh Lopez, Alex"]
[Result "1-0"]
[WhiteElo "2251"]
[BlackElo "2357"]
[PlyCount "113"]
[EventDate "2008.08.09"]
[EventType "swiss"]
[EventRounds "9"]
[EventCountry "GRE"]
[SourceTitle "CBM 125 Extra"]
[Source "ChessBase"]
[SourceDate "2008.09.01"]
[SourceVersion "1"]
[SourceVersionDate "2008.09.01"]
[SourceQuality "1"]

1. e4 e5 2. Nf3 Nc6 3. Bb5 Nf6 4. 0-0 Nxe4 5. d4 Nd6 6. Bxc6 dxc6 7. dxe5 Nf5 8. Qxd8+ Kxd8 9. Nc3 h6 10. Rd1+ Ke8 11. h3 Ne7 12. Nd4 a6 13. Ne4 Ng6 14. f4 c5 15. Ne2 h5 16. c4 Be6 17. b3 Rd8 18. Be3 b6 19. N2c3 Ne7 20. Ng5 Nf5 21. Nxe6 fxe6 22. Rxd8+ Kxd8 23. Rd1+ Kc8 24. Kf2 Be7 25. Ne4 Kb7 26. g3 Kc6 27. Ke2 a5 28. a4 g6 29. Bf2 Nh6 30. Kf3 Nf7 31. Be3 Rf8 32. Ke2 Rg8 33. Rf1 Kd7 34. g4 hxg4 35. hxg4 Rh8 36. Nf2 g5 37. Rh1 Rg8 38. Kf3 gxf4 39. Bxf4 Bf8 40. Ne4 Bg7 41. Rh7 Ke8 42. Nf6+ Bxf6 43. exf6 e5 44. Rg7 Rh8 45. Bg3 Rh6 46. g5 Nxg5+ 47. Rxg5 Rxf6+ 48. Ke4 Rf1 49. Bxe5 Rb1 50. Rg3 Kd7 51. Rg7+ Ke6 52. Bxc7 Rxb3 53. Rg6+ Kd7 54. Bxb6 Rb4 55. Kd5 Rxa4 56. Rg7+ Ke8 57. Ra7 1-0

[Event "Athens Acropolis op"]
[Site "Athens"]
[Date "2007.08.20"]
[Round "7.37"]
[White "Grapsa, Georgia"]
[Black "Exizoglou, Dimitrios"]
[Result "0-1"]
[WhiteElo "2076"]
[BlackElo "2224"]
[PlyCount "64"]
[EventDate "2007.08.14"]
[EventType "swiss"]
[EventRounds "9"]
[EventCountry "GRE"]
[SourceTitle "CBM 119 Extra"]
[Source "ChessBase"]
[SourceDate "2007.09.04"]
[SourceVersion "1"]
[SourceVersionDate "2007.09.04"]
[SourceQuality "1"]

1. d4 d5 2. Nf3 Nf6 3. g3 c6 4. Bg2 Bg4 5. c4 e6 6. Nc3 Nbd7 7. 0-0 Be7 8. Re1 0-0 9. Ne5 Nxe5 10. dxe5 Nd7 11. f4 Bh5 12. h3 f5 13. cxd5 cxd5 14. Nxd5 exd5 15. Qxd5+ Bf7 16. Qxb7 Rb8 17. Qc6 Bc5+ 18. Kh2 Qe7 19. e4 Rfc8 20. Qa6 Bf2 21. Rd1 fxe4 22. Bxe4 Nc5 23. Qe2 Nxe4 24. Qxe4 Rc4 25. Qe2 Bb6 26. b3 Rc6 27. f5 Rbc8 28. Bf4 Be8 29. Rd2 Ba5 30. Rd5 Rc2 31. Bd2 Rd8 32. f6 Rxd5 0-1

[Event "Athens Acropolis op"]
[Site "Athens"]
[Date "2007.08.19"]
[Round "6.33"]
[White "Exizoglou, Dimitrios"]
[Black "Georgiadis, Ioannis"]
[Result "0-1"]
[WhiteElo "2224"]
[BlackElo "2413"]
[PlyCount "126"]
[EventDate "2007.08.14"]
[EventType "swiss"]
[EventRounds "9"]
[EventCountry "GRE"]
[SourceTitle "CBM 119 Extra"]
[Source "ChessBase"]
[SourceDate "2007.09.04"]
[SourceVersion "1"]
[SourceVersionDate "2007.09.04"]
[SourceQuality "1"]

1. e4 e5 2. Nf3 Nc6 3. Bb5 a6 4. Ba4 Nf6 5. 0-0 Be7 6. Re1 b5 7. Bb3 d6 8. c3 0-0 9. h3 Nb8 10. d4 Nbd7 11. Nbd2 Bb7 12. Bc2 Re8 13. Nf1 Bf8 14. Ng3 g6 15. a4 c5 16. d5 c4 17. Be3 Nc5 18. Qd2 Bg7 19. Nh2 Qd7 20. Ra3 Rec8 21. Rea1 Qe7 22. Bg5 Qf8 23. Ng4 Nfd7 24. Bh6 bxa4 25. Bxa4 f6 26. Bc2 Rcb8 27. Bxg7 Qxg7 28. Ne3 Nb6 29. Qe2 Bc8 30. R1a2 Bd7 31. Ngf1 Bb5 32. Nd2 Rc8 33. Ndxc4 Nxc4 34. Nxc4 Nxe4 35. Qxe4 Rxc4 36. Qe3 Qb7 37. b3 Rcc8 38. c4 Be8 39. Qe1 Rcb8 40. Qa1 Rd8 41. Rxa6 Rxa6 42. Rxa6 Bf7 43. Qa5 Qe7 44. Qb6 f5 45. Ra7 Qf6 46. Qc7 e4 47. Qa5 Kg7 48. Qa1 Qxa1+ 49. Rxa1 Kf6 50. Kf1 g5 51. Ke2 Ke5 52. Kd2 Kd4 53. Ra4 Bg6 54. b4 Kxc4 55. b5+ Kxd5 56. b6 Rb8 57. Ra5+ Kc4 58. f3 Rxb6 59. fxe4 fxe4 60. Ke3 d5 61. Ra4+ Kc5 62. Ra5+ Kd6 63. Ra7 Rb4 0-1

[Event "Athens Acropolis op"]
[Site "Athens"]
[Date "2007.08.17"]
[Round "4.28"]
[White "Kotrotsos, Vasilios"]
[Black "Exizoglou, Dimitrios"]
[Result "1/2-1/2"]
[WhiteElo "2337"]
[BlackElo "2224"]
[PlyCount "34"]
[EventDate "2007.08.14"]
[EventType "swiss"]
[EventRounds "9"]
[EventCountry "GRE"]
[SourceTitle "CBM 119 Extra"]
[Source "ChessBase"]
[SourceDate "2007.09.04"]
[SourceVersion "1"]
[SourceVersionDate "2007.09.04"]
[SourceQuality "1"]

1. e4 c5 2. Nf3 d6 3. Bb5+ Nd7 4. d4 Ngf6 5. 0-0 a6 6. Bxd7+ Nxd7 7. Nc3 e6 8. Bg5 Be7 9. Bxe7 Qxe7 10. dxc5 dxc5 11. e5 0-0 12. Qe2 b5 13. Ne4 Bb7 14. Rfd1 Rad8 15. Rd6 Bxe4 16. Qxe4 Nxe5 17. Rxd8 Nxf3+ 1/2-1/2

[Event "Athens Acropolis op"]
[Site "Athens"]
[Date "2007.08.15"]
[Round "2.21"]
[White "Exizoglou, Dimitrios"]
[Black "Krivoborodov, Egor"]
[Result "1/2-1/2"]
[WhiteElo "2224"]
[BlackElo "2403"]
[PlyCount "68"]
[EventDate "2007.08.14"]
[EventType "swiss"]
[EventRounds "9"]
[EventCountry "GRE"]
[SourceTitle "CBM 119 Extra"]
[Source "ChessBase"]
[SourceDate "2007.09.04"]
[SourceVersion "1"]
[SourceVersionDate "2007.09.04"]
[SourceQuality "1"]

1. e4 c5 2. Nf3 Nc6 3. d4 cxd4 4. Nxd4 Nf6 5. Nc3 d6 6. Be2 e6 7. Be3 Be7 8. 0-0 0-0 9. Qd2 a6 10. f4 Qc7 11. Kh1 Rd8 12. Nb3 b5 13. Bf3 Bb7 14. Qf2 Nd7 15. Rad1 Bf6 16. Rd2 Bxc3 17. bxc3 Ne7 18. Rfd1 d5 19. f5 dxe4 20. fxe6 fxe6 21. Bg4 Bd5 22. Nd4 Qc4 23. Qh4 Ng6 24. Qh3 Re8 25. Nxe6 Bxe6 26. Bxe6+ Rxe6 27. Rxd7 Rf6 28. Qg3 Rf1+ 29. Rxf1 Qxf1+ 30. Bg1 Rf8 31. h3 Rf7 32. Rd8+ Rf8 33. Rd7 Rf7 34. Rd8+ Rf8 1/2-1/2

[Event "Athens Acropolis op"]
[Site "Athens"]
[Date "2007.08.14"]
[Round "1.20"]
[White "Dembo, Yelena"]
[Black "Exizoglou, Dimitrios"]
[Result "1/2-1/2"]
[WhiteElo "2464"]
[BlackElo "2224"]
[PlyCount "93"]
[EventDate "2007.08.14"]
[EventType "swiss"]
[EventRounds "9"]
[EventCountry "GRE"]
[SourceTitle "CBM 119 Extra"]
[Source "ChessBase"]
[SourceDate "2007.09.04"]
[SourceVersion "1"]
[SourceVersionDate "2007.09.04"]
[SourceQuality "1"]

1. e4 d5 2. exd5 Qxd5 3. Nc3 Qa5 4. d4 c6 5. Bd2 Nf6 6. Ne4 Qb6 7. Nxf6+ gxf6 8. Bc3 Bf5 9. Ne2 e6 10. Qd2 Nd7 11. Ng3 Bg6 12. f4 Bd6 13. Be2 Qc7 14. Rf1 Rg8 15. 0-0-0 f5 16. Bb4 0-0-0 17. Bxd6 Qxd6 18. Rf3 Qc7 19. c4 Nc5 20. Ra3 a6 21. Qe3 Ne4 22. Rad3 Rd7 23. Bf3 Nf6 24. h3 Rgd8 25. Ne2 Bh5 26. Bxh5 Nxh5 27. g4 Nf6 28. g5 Ne4 29. Kb1 Qb6 30. Nc1 Qb4 31. c5 Qa5 32. Nb3 Qc7 33. Rc1 Rd5 34. Rcd1 R8d7 35. Nc1 Qd8 36. Kc2 Qa5 37. a3 Qb5 38. b3 Kc7 39. a4 Qa5 40. Na2 Kc8 41. Kb2 Kb8 42. Ka3 Rd8 43. b4 Qc7 44. a5 R8d7 45. Nc1 Qd8 46. Nb3 Qh8 47. Na1 1/2-1/2